000 00573cam a22002053a 4500
001 42096
003 PGUSA
005 20140828083942.0
008 130215s2013||||xxu|||||s|||||000 | eng d
040 _aPGUSA
_beng
042 _adc
100 1 _aAbout, Edmond,
_d1828-1885
245 1 4 _aThe King of the Mountains
_h[electronic resource] /
_cEdmond About
260 _bProject Gutenberg,
_c2013
506 _aPublic domain in the USA.
516 _aElectronic text
830 0 _aProject Gutenberg
_v42096
856 4 0 _uhttp://www.gutenberg.org/ebooks/42096
942 _cEB
999 _c271348
_d271348